Managing finance : Setting and achieving budgets

Bibliographic Details
Main Author: D. Anandarajah
Other Authors: Aseervatham, Reid
Format: Book
Published: Sydney : Prentice Hall , 2001
Subjects:

MARC

LEADER 00000cam a2200000 7i4500
001 0000012123
005 20050420.0
020 |a 1740092635 
040 |a INS 
090 0 0 |a HF5657.4   |b A522 2001 
100 1 |a D. Anandarajah 
245 1 0 |a Managing finance :   |b Setting and achieving budgets   |c D. Anandarajah, A. Aseervatham, H. Reid 
260 |a Sydney :   |b Prentice Hall ,   |c 2001 
300 |a xix :   |b 130p ;   |c 25cm. 
650 0 0 |a Budget in business 
650 0 0 |a Business enterprises   |x Finance 
650 0 0 |a Managerial accounting 
700 0 |a Aseervatham   |x A. 
700 0 |a Reid   |x Howard 1951 
999 |a 0000012839   |b BOOK   |c Open Shelf   |e Default branch 
999 |a 0000012840   |b BOOK   |c Open Shelf   |e Default branch